[Event "La Mancha-ch"]
[Site "Valverde de Jucar"]
[Date "2017.07.07"]
[Round "3.10"]
[White "Torres Valverde, Martin"]
[Black "Real Real, Hipolito"]
[Result "1-0"]
[WhiteElo "1589"]
[BlackElo "1832"]
[PlyCount "55"]
[EventDate "2017.07.06"]
[EventType "swiss"]
[EventRounds "6"]
[EventCountry "ESP"]
[SourceTitle "EXT 2024"]
[Source "ChessBase"]
[SourceDate "2023.10.10"]
[SourceVersion "1"]
[SourceVersionDate "2023.10.10"]
[SourceQuality "1"]

1. e4 e6 2. d4 d5 3. Nd2 c5 4. exd5 exd5 5. Ngf3 Nc6 6. Bb5 Bd7 7. dxc5 Bxc5 8. 0-0 Nge7 9. Nb3 Bb6 10. Re1 0-0 11. c3 Bg4 12. h3 Bh5 13. Bg5 f6 14. Bf4 Ng6 15. Bg3 Nge5 16. Be2 a5 17. Nxe5 Bxe2 18. Nxc6 bxc6 19. Qxe2 Rc8 20. Rad1 f5 21. Qe6+ Kh8 22. Qe7 h6 23. Bd6 Rf6 24. Qxd8+ Rxd8 25. Be7 Rff8 26. Bxf8 Rxf8 27. Re6 a4 28. Nd4 1-0

[Event "Castilla La Mancha Region U14"]
[Site "Horche"]
[Date "2015.03.28"]
[Round "2.3"]
[White "Torres Valverde, Martin"]
[Black "Moreno Valero, Raul"]
[Result "1-0"]
[WhiteElo "1372"]
[BlackElo "1530"]
[PlyCount "89"]
[EventDate "2015.03.27"]
[EventType "swiss"]
[EventRounds "6"]
[EventCountry "ESP"]
[SourceTitle "EXT 2024"]
[Source "ChessBase"]
[SourceDate "2023.10.10"]
[SourceVersion "1"]
[SourceVersionDate "2023.10.10"]
[SourceQuality "1"]

1. e4 g6 2. d4 Bg7 3. Nc3 c5 4. Be3 Qa5 5. Nf3 d6 6. Nd2 cxd4 7. Nb3 Qc7 8. Bxd4 Nf6 9. Bxf6 Bxf6 10. Nd5 Qd7 11. Nxf6+ exf6 12. Qd4 Qe7 13. 0-0-0 0-0 14. Qxd6 Qxe4 15. Qxf6 Bf5 16. Bd3 Qf4+ 17. Rd2 Nd7 18. Qd4 Qxd4 19. Nxd4 Bxd3 20. Rxd3 Rfe8 21. Nb5 Ne5 22. Ra3 Red8 23. Re1 Nc4 24. Ra4 Nb6 25. Rxa7 Rxa7 26. Nxa7 Ra8 27. Nb5 Rxa2 28. Re8+ Kg7 29. Rb8 Nc4 30. Na3 Nxb2 31. Rxb7 Nd3+ 32. cxd3 Rxa3 33. Kd2 Ra2+ 34. Ke3 Kf6 35. Rb8 Ra4 36. Re8 Ra3 37. h3 h5 38. g3 Ra1 39. Kd4 Ra4+ 40. Kc5 Ra5+ 41. Kb4 Ra2 42. Re4 Rxf2 43. Rf4+ Rxf4+ 44. gxf4 Ke6 45. Kc5 1-0